Leaders of Libya by Picture - Statistics

General Stats
  • This quiz has been taken 16 times
  • The average score is 8 of 14
Answer Stats
Picture Hint Answer % Correct
1969-1979 Muammar Gaddafi
100%
1951-1969 Idris I
77%
2016-2021 Fayez al-Sarraj
69%
2021-Present Mohamed al-Menfi
62%
2011-2012 Mustafa Abdul Jalil
62%
1979-1981 Abdul Ati al-Obeidi
54%
2014-2021 Aguila Saleh Issa
54%
1992-2008 Muhammad az-Zanati
54%
2013-2016 Nouri Abusahmain
54%
2014 Abu Bakr Baira
46%
2013 Giuma Ahmed Atigha
46%
2009-2010 Imbarek Shamekh
46%
2010-2011 Mohamed Abu al-Qasim al-Zwai
46%
2012-2013 Mohammed Magariaf
46%
No matching quizzes found
Score Distribution
Percent of People with Each Score
Percentile by Number Answered
Your Score History
You have not taken this quiz